| 000 | 00849nam a2200253Ia 4500 | ||
|---|---|---|---|
| 003 | OSt | ||
| 005 | 20220926012454.0 | ||
| 006 | a|||||r|||| 00| 0 | ||
| 007 | ta | ||
| 008 | 220923b |||||||| |||| 00| 0 eng d | ||
| 020 |
_c _15.50 |
||
| 037 |
_b67875, 29/08/2001, IBD _cGeneral Book |
||
| 040 |
_aRTL _cRTL _beng |
||
| 041 |
_2eng _aeng |
||
| 082 | _aX:77:(G:55), N8 | ||
| 100 |
_aHeal Geoffrey _9123002 |
||
| 245 | 0 |
_aValuing the future _b Economic theory and sustainable earth series. |
|
| 260 |
_aNew York _bColumbia University U S A _c1998 |
||
| 300 |
_axiii, 226p. Bibliography p.213-23; Appendix p.208-12 _ccm. |
||
| 490 | _aEconomics for a sustainable earth | ||
| 650 |
_aEconomic Development _917300 |
||
| 942 |
_hX:77:(G:55), N8 _cGB _2CC |
||
| 999 |
_c623155 _d623155 |
||